| 000 | 00331nam a2200133Ia 4500 | ||
|---|---|---|---|
| 008 | 180730s9999||||xx |||||||||||||| ||und|| | ||
| 020 | _a9.7808230158e+012 | ||
| 082 |
_a740 _bHOG/D |
||
| 100 | _aHogarth, Burne | ||
| 245 | 0 | _aDynamic Figure Drawing: | |
| 260 |
_aNew yark _bWatson/Guptill Pub. _c2002 |
||
| 300 | _a176p. | ||
| 942 | _aBK | ||
| 999 |
_c2273 _d2273 |
||